000 00716nam a2200241Ia 4500
005 20241129111109.0
008 241129s9999||||xx |||||||||||||| ||und||
020 _a978-1-138-541122
037 _aTB
040 _aCRL
_beng
_cCRL
041 _aeng
_2eng
084 _aS R1
_qCRL
100 _aPapini Mauricio R. Au.
_9723291
245 0 _aComparative psychology: evolution and development of brain and behavior
_cPapini Mauricio R. Au.
250 _a3rd
260 _aNew Delhi, USA
_bRoutledge
_c2021
300 _axxii,536p.
365 _aUKP
_b59.99
490 _aEssentials of industrial and organizational psychology
650 _aPsychology
942 _cTB
_hS R1
999 _c1228908
_d1228908